| 000 | 01216cam a22003617a 4500 | ||
|---|---|---|---|
| 003 | CHAP | ||
| 005 | 20220817043913.0 | ||
| 008 | 030825d2002 mx ad r 00110 spa d | ||
| 010 | _a87593 | ||
| 011 | _a88565 | ||
| 020 | _a9280637826 | ||
| 035 | _a99110 | ||
| 040 | _cCHAP | ||
| 082 | 0 | 4 |
_a305.23083 _bA5 |
| 100 | 0 | 0 |
_aAlem Rojo, Alfonso. _93763 |
| 245 | 1 | 3 |
_aLa niñez indígena en México _c/por Alfonso Alem Rojo |
| 260 |
_aMéxico, D. F. : _bFundación Rigoberta Menchú Tum, _c2002 |
||
| 300 |
_a127 p. : _bilus. ; cuadros |
||
| 590 |
_aBATCH-UPD _b10 _c20130110 _lUCH01 _h0327 |
||
| 590 |
_aBATCH-UPD _b10 _c20130110 _lUCH01 _h1835 |
||
| 590 |
_aBATCH-UPD _b10 _c20130410 _lUCH01 _h0000 |
||
| 590 |
_aBATCH-UPD _b10 _c20130914 _lUCH01 _h0007 |
||
| 590 |
_aCONVERSION _b10 _c20130109 _lUCH01 _h1349 |
||
| 650 | 1 | 4 | _aIndios de México. |
| 650 | 1 | 4 |
_aIndios de México _xCondiciones económicas. _957625 |
| 650 | 1 | 4 |
_aIndios de México _xCondiciones sociales. _957626 |
| 650 | 1 | 4 |
_aIndios de México _xPolítica y gobierno. |
| 650 | 1 | 4 |
_aNiñez. _981358 |
| 901 | _aBK | ||
| 905 | _aMarco A. Mendoza T. | ||
| 942 | _cLIBRO | ||
| 949 |
_a305.23083 A5 _bBC _cLIBRO _d33724000896296 _eLIBRO _gDonaciØn _h103842 _i99110 _si |
||
| 999 |
_c87593 _d87593 |
||